Экологические аспекты добычи и обогащения калийных солей на горно-обоготительных комбинатах; Экология и безопасность в техносфере: современные проблемы и пути решения

Bibliografische gegevens
Parent link:Экология и безопасность в техносфере: современные проблемы и пути решения.— 2017.— [С. 215-217]
Hoofdauteur: Копейкина А. А.
Andere auteurs: Сеимова Г. В., Грачева Н. В.
Samenvatting:Заглавие с экрана
В статье дается характеристика производства калийных удобрений, рассматривается принцип работы горно-обогатительных комбинатов. Особое внимание уделяется процессу обогащения калийных солей, поскольку он представляет собой угрозу для окружающей среды.
The article gives a description of the production of potassium fertilizers, also talks about principle of ore-dressing and processing enterprise. Special attention is given to the process of beneficiation of potassium salts, because it presents a threat to the environment.
Taal:Russisch
Gepubliceerd in: 2017
Reeks:Экологические основы прогрессивных технологий
Onderwerpen:
Online toegang:http://earchive.tpu.ru/handle/11683/46801
Formaat: Elektronisch Hoofdstuk
KOHA link:https://koha.lib.tpu.ru/cgi-bin/koha/opac-detail.pl?biblionumber=626316

MARC

LEADER 00000naa2a2200000 4500
001 626316
005 20231101133415.0
035 |a (RuTPU)RU\TPU\conf\25674 
035 |a RU\TPU\conf\25672 
090 |a 626316 
100 |a 20180226d2017 k y0rusy50 ca 
101 0 |a rus  |d eng 
102 |a RU 
105 |a y z 101zy 
135 |a drcn ---uucaa 
181 0 |a i  
182 0 |a b 
200 1 |a Экологические аспекты добычи и обогащения калийных солей на горно-обоготительных комбинатах  |f А. А. Копейкина, Г. В. Сеимова, Н. В. Грачева 
203 |a Текст  |c электронный 
225 1 |a Экологические основы прогрессивных технологий 
230 |a 1 компьютерный файл (pdf; 544 Kb) 
300 |a Заглавие с экрана 
320 |a [Библиогр.: с. 217 (5 назв.)] 
330 |a В статье дается характеристика производства калийных удобрений, рассматривается принцип работы горно-обогатительных комбинатов. Особое внимание уделяется процессу обогащения калийных солей, поскольку он представляет собой угрозу для окружающей среды. 
330 |a The article gives a description of the production of potassium fertilizers, also talks about principle of ore-dressing and processing enterprise. Special attention is given to the process of beneficiation of potassium salts, because it presents a threat to the environment. 
463 0 |0 (RuTPU)RU\TPU\conf\25447  |t Экология и безопасность в техносфере: современные проблемы и пути решения  |o сборник трудов Всероссийской научно-практической конференции молодых ученых, аспирантов и студентов, г. Юрга, 23-25 ноября 2017 г.  |f Национальный исследовательский Томский политехнический университет (ТПУ), Юргинский технологический институт (ЮТИ) ; под ред. Д. А. Чинахова [и др.]  |v [С. 215-217]  |d 2017 
610 1 |a электронный ресурс 
610 1 |a калийные удобрения 
610 1 |a горно-обогатительные комбинаты 
610 1 |a калийные соли 
610 1 |a окружающая среда 
610 1 |a минеральные удобрения 
610 1 |a минеральные удобрения 
610 1 |a химическая промышленность 
700 1 |a Копейкина  |b А. А. 
701 1 |a Сеимова  |b Г. В. 
701 1 |a Грачева  |b Н. В. 
801 2 |a RU  |b 63413507  |c 20180312  |g RCR 
856 4 |u http://earchive.tpu.ru/handle/11683/46801 
942 |c BK